|
|
|
|
| LEADER |
00000nab a2200000 a 4500 |
| 001 |
vtls000397280 |
| 003 |
SK-MaSNL |
| 005 |
20260302232033.0 |
| 008 |
140507c1990 xo 0 slo |
| 015 |
|
|
|a SNBRB19rr/mm-uuuuu
|
| 035 |
|
|
|a CL0397404
|
| 040 |
|
|
|a SNKBUCL
|b slo
|c SNKBUCL
|e AACR2
|
| 041 |
0 |
|
|a slo
|
| 044 |
|
|
|a xo
|c SK
|
| 080 |
|
|
|a 82:929:820
|2 1981
|
| 080 |
|
|
|a 929
|2 1981
|
| 080 |
|
|
|a 820
|2 1981
|
| 080 |
|
|
|a 929 Orwell, George
|2 1981
|
| 100 |
1 |
|
|a Šimečka, Milan,
|d 1930-1990
|4 aut
|9 87160
|
| 245 |
1 |
0 |
|a Môj súdruh Winston Smith
|b Eric Blair a George Orwell
|c Milan Šimečka ; George Orwell
|
| 600 |
1 |
7 |
|a Orwell, George,
|d 1903-1950
|2 snkbucl
|9 92374
|
| 655 |
|
7 |
|a články z novín a časopisov
|2 snkbucl
|9 267496
|
| 655 |
|
7 |
|a články z odboru literárna veda a krásna literatúra
|2 snkbucl
|9 770045
|
| 773 |
0 |
|
|t Kultúrny život
|g Roč. 24, č. 20 (1990), s. 15
|
| 850 |
|
|
|a Slovenská národná knižnica v Martine
|a MTA001
|
| 852 |
|
|
|a SNK
|b KIS3GCP
|
| 958 |
|
|
|a RK
|
| 958 |
|
|
|a LX
|
| 992 |
|
|
|a RBX
|
| 999 |
|
|
|c 1541149
|d 1543079
|